| 000 | 01308nam a2200325 a 4500 | ||
|---|---|---|---|
| 008 | 951121s1987||||[C 0 slo c | ||
| 020 |
_c12 Kčs. _q(15000 výtl.) |
||
| 040 |
_aSNK _bslo _cSNK _eAACR2 |
||
| 041 | 1 |
_aslo _hcze |
|
| 044 |
_axo _cSK |
||
| 080 | _a141.82 | ||
| 245 | 1 | 0 |
_aZáklady vedeckého komunizmu _bŠtudijné texty pre poslucháčov útvaru straníckeho vzdelávania Škola základov marxizmu-leninizmu ; Ladislav Tomášek, Ivan Hr+uza, Jozef Hrabina, František Čihák, Karel Nesázal, Antonín Kopecký, Jindřich Pravda, František Přikryl, Vladimír Biľo, Elena Urbancová, Marta Jav+urková, Katarína Rabatinová |
| 250 | _a2., dopl. vyd. | ||
| 260 |
_aBratislava _bPravda _c1987 _eŽilina _fPravda |
||
| 300 |
_a207 s., 11,72 AH _bSch. _c20 cm |
||
| 500 | _aLit. 224. 224 zázn. v slov. a češ. | ||
| 700 | 1 |
_aTomášek, Ladislav _4aut |
|
| 700 | 1 |
_aHr+uza, Ivan _4aut |
|
| 700 | 1 |
_aHrabina, Jozef _4aut |
|
| 700 | 1 |
_aČihák, František _4aut |
|
| 700 | 1 |
_aNesázal, Karel _4aut |
|
| 700 | 1 |
_aKopecký, Antonín _4aut |
|
| 700 | 1 |
_aPravda, Jindřich _4aut |
|
| 700 | 1 |
_aPřikryl, František _4aut |
|
| 700 | 1 |
_aBiľo, Vladimír _4trl |
|
| 700 | 1 |
_aUrbancová, Elena _4trl |
|
| 700 | 1 |
_aJav+urková, Marta _4trl |
|
| 700 | 1 |
_aRabatinová, Katarína _4trl |
|
| 958 | _aA | ||
| 999 |
_c15503 _d15503 |
||